=LDR 00000nam 2200000 4500 =001 INLIS000000000032638 =005 20130612134634 =008 ***********************************ind** =035 ##$$0010-061300000032638 =041 ##$$a ind =082 ##$$a 796.522 3 =090 ##$$a 976.522 3, Sas,m =100 ##$$a Sastha,Harley Bayu =245 ##$$a Mountain Climbing For Every Bodi, Panduan Mendaki Gunung, Bayu Satha;Editor, Hanif =260 ##$$a 2007 $b Jakarta =300 ##$$a xv,264 hlm., Illus, 21cm =650 ##$$a Mendaki Gunung =700 ##$$a Hanif =850 ##$$a NBPNMAT